<?xml version="1.0" encoding="UTF-8"?>
<record
    xmlns:xsi="http://www.w3.org/2001/XMLSchema-instance"
    xsi:schemaLocation="http://www.loc.gov/MARC21/slim http://www.loc.gov/standards/marcxml/schema/MARC21slim.xsd"
    xmlns="http://www.loc.gov/MARC21/slim">

  <leader>00558nam a22001337a 4500</leader>
  <datafield tag="040" ind1=" " ind2=" ">
    <subfield code="c">RUA</subfield>
  </datafield>
  <datafield tag="082" ind1=" " ind2=" ">
    <subfield code="a">LMA BUT 2011 B310 Or.1</subfield>
  </datafield>
  <datafield tag="100" ind1=" " ind2=" ">
    <subfield code="a">BUTH, ROTHANA.</subfield>
  </datafield>
  <datafield tag="245" ind1=" " ind2=" ">
    <subfield code="a">Study on systematic land registration in sa ang district kandal province, &#x179F;&#x17B7;&#x1780;&#x17D2;&#x179F;&#x17B6;&#x1796;&#x17B8;&#x1780;&#x17B6;&#x179A;&#x1785;&#x17BB;&#x17C7;&#x1794;&#x1789;&#x17D2;&#x1787;&#x17B8;&#x178A;&#x17B8;&#x1792;&#x17D2;&#x179B;&#x17B8;&#x1798;&#x17B6;&#x1793;&#x179B;&#x1780;&#x17D2;&#x1781;&#x178E;&#x17C8;&#x1787;&#x17B6;&#x1794;&#x17D2;&#x179A;&#x1796;&#x17D0;&#x1793;&#x17D2;&#x1792;&#x1793;&#x17C5;&#x179F;&#x17D2;&#x179A;&#x17BB;&#x1780;&#x179F;&#x17D2;&#x17A2;&#x17B6;&#x1784; &#x1781;&#x17C1;&#x178F;&#x17D2;&#x178F;&#x1780;&#x178E;&#x17D2;&#x178A;&#x17B6;&#x179B;</subfield>
  </datafield>
  <datafield tag="260" ind1=" " ind2=" ">
    <subfield code="a">Phnom Penh</subfield>
    <subfield code="b">RUA</subfield>
    <subfield code="c">2011</subfield>
  </datafield>
  <datafield tag="300" ind1=" " ind2=" ">
    <subfield code="a">xi; 39p.</subfield>
    <subfield code="b">ill.</subfield>
    <subfield code="c">29cm.</subfield>
  </datafield>
  <datafield tag="856" ind1=" " ind2=" ">
    <subfield code="u">KAN ROTHA</subfield>
  </datafield>
  <datafield tag="942" ind1=" " ind2=" ">
    <subfield code="c">LMA</subfield>
  </datafield>
  <datafield tag="999" ind1=" " ind2=" ">
    <subfield code="c">5724</subfield>
    <subfield code="d">5724</subfield>
  </datafield>
  <datafield tag="952" ind1=" " ind2=" ">
    <subfield code="0">0</subfield>
    <subfield code="1">0</subfield>
    <subfield code="2">ddc</subfield>
    <subfield code="4">0</subfield>
    <subfield code="6">LMA_BUT_2011_000000000000000_B310_OR_1</subfield>
    <subfield code="7">0</subfield>
    <subfield code="9">31300</subfield>
    <subfield code="a">LBB</subfield>
    <subfield code="b">LBB</subfield>
    <subfield code="c"> 	B310</subfield>
    <subfield code="d">2016-01-06</subfield>
    <subfield code="l">3</subfield>
    <subfield code="o">LMA BUT 2011 B310 Or.1</subfield>
    <subfield code="p">RUA019692</subfield>
    <subfield code="r">2025-03-26</subfield>
    <subfield code="s">2025-03-19</subfield>
    <subfield code="w">2016-01-06</subfield>
    <subfield code="y">LMA</subfield>
  </datafield>
  <datafield tag="952" ind1=" " ind2=" ">
    <subfield code="0">0</subfield>
    <subfield code="1">0</subfield>
    <subfield code="2">ddc</subfield>
    <subfield code="4">0</subfield>
    <subfield code="6">LMA_BUT_2011_000000000000000_B310_OR_2</subfield>
    <subfield code="7">0</subfield>
    <subfield code="9">31301</subfield>
    <subfield code="a">LBB</subfield>
    <subfield code="b">LBB</subfield>
    <subfield code="c"> 	B310</subfield>
    <subfield code="d">2016-01-06</subfield>
    <subfield code="l">4</subfield>
    <subfield code="o">LMA BUT 2011 B310 Or.2</subfield>
    <subfield code="p">RUA019896</subfield>
    <subfield code="r">2025-04-21</subfield>
    <subfield code="s">2025-03-19</subfield>
    <subfield code="w">2016-01-06</subfield>
    <subfield code="y">LMA</subfield>
  </datafield>
  <datafield tag="952" ind1=" " ind2=" ">
    <subfield code="0">0</subfield>
    <subfield code="1">0</subfield>
    <subfield code="2">ddc</subfield>
    <subfield code="4">0</subfield>
    <subfield code="6">LMA_BUT_2011_000000000000000_B310_OR_3</subfield>
    <subfield code="7">0</subfield>
    <subfield code="9">31302</subfield>
    <subfield code="a">LBB</subfield>
    <subfield code="b">LBB</subfield>
    <subfield code="c"> 	B310</subfield>
    <subfield code="d">2016-01-06</subfield>
    <subfield code="l">2</subfield>
    <subfield code="o">LMA BUT 2011 B310 Or.3</subfield>
    <subfield code="p">RUA019824</subfield>
    <subfield code="r">2025-04-02</subfield>
    <subfield code="s">2025-03-19</subfield>
    <subfield code="w">2016-01-06</subfield>
    <subfield code="y">LMA</subfield>
  </datafield>
  <datafield tag="952" ind1=" " ind2=" ">
    <subfield code="0">0</subfield>
    <subfield code="1">0</subfield>
    <subfield code="2">ddc</subfield>
    <subfield code="4">0</subfield>
    <subfield code="6">LMA_BUT_2011_000000000000000_B310_OR_4</subfield>
    <subfield code="7">0</subfield>
    <subfield code="9">31303</subfield>
    <subfield code="a">LBB</subfield>
    <subfield code="b">LBB</subfield>
    <subfield code="c"> 	B310</subfield>
    <subfield code="d">2016-01-06</subfield>
    <subfield code="l">1</subfield>
    <subfield code="o">LMA BUT 2011 B310 Or.4</subfield>
    <subfield code="p">RUA019764</subfield>
    <subfield code="r">2024-07-17</subfield>
    <subfield code="s">2024-06-12</subfield>
    <subfield code="w">2016-01-06</subfield>
    <subfield code="y">LMA</subfield>
  </datafield>
  <datafield tag="952" ind1=" " ind2=" ">
    <subfield code="0">0</subfield>
    <subfield code="1">0</subfield>
    <subfield code="2">ddc</subfield>
    <subfield code="4">0</subfield>
    <subfield code="6">LMA_BUT_2011_000000000000000_B310_OR_5</subfield>
    <subfield code="7">0</subfield>
    <subfield code="9">31304</subfield>
    <subfield code="a">LBB</subfield>
    <subfield code="b">LBB</subfield>
    <subfield code="c"> 	B310</subfield>
    <subfield code="d">2016-01-06</subfield>
    <subfield code="l">2</subfield>
    <subfield code="o">LMA BUT 2011 B310 Or.5</subfield>
    <subfield code="p">RUA025992</subfield>
    <subfield code="r">2024-08-30</subfield>
    <subfield code="s">2023-02-20</subfield>
    <subfield code="w">2016-01-06</subfield>
    <subfield code="y">LMA</subfield>
  </datafield>
  <datafield tag="952" ind1=" " ind2=" ">
    <subfield code="0">0</subfield>
    <subfield code="1">0</subfield>
    <subfield code="2">ddc</subfield>
    <subfield code="4">0</subfield>
    <subfield code="6">LMA_BUT_2011_000000000000000_B310_OR_6</subfield>
    <subfield code="7">0</subfield>
    <subfield code="9">31305</subfield>
    <subfield code="a">LBB</subfield>
    <subfield code="b">LBB</subfield>
    <subfield code="c"> 	B310</subfield>
    <subfield code="d">2016-01-06</subfield>
    <subfield code="o">LMA BUT 2011 B310 Or.6</subfield>
    <subfield code="p">RUA049143</subfield>
    <subfield code="r">2016-01-06</subfield>
    <subfield code="w">2016-01-06</subfield>
    <subfield code="y">LMA</subfield>
  </datafield>
  <datafield tag="952" ind1=" " ind2=" ">
    <subfield code="0">0</subfield>
    <subfield code="1">0</subfield>
    <subfield code="2">ddc</subfield>
    <subfield code="4">0</subfield>
    <subfield code="6">LMA_BUT_2011_000000000000000_B310_OR_7</subfield>
    <subfield code="7">0</subfield>
    <subfield code="9">31306</subfield>
    <subfield code="a">LBB</subfield>
    <subfield code="b">LBB</subfield>
    <subfield code="c"> 	B310</subfield>
    <subfield code="d">2016-01-06</subfield>
    <subfield code="l">2</subfield>
    <subfield code="o">LMA BUT 2011 B310 Or.7</subfield>
    <subfield code="p">RUA020330</subfield>
    <subfield code="r">2023-11-24</subfield>
    <subfield code="s">2023-10-31</subfield>
    <subfield code="w">2016-01-06</subfield>
    <subfield code="y">LMA</subfield>
  </datafield>
</record>
